Vista normal
Vista MARC
Entrada Topical Term
Número de registros utilizados en: 1
001 - CONTROL NUMBER
- control field: 67499
003 - CONTROL NUMBER IDENTIFIER
- control field: OSt
005 - DATE AND TIME OF LATEST TRANSACTION
- control field: 20251114165456.0
008 - FIXED-LENGTH DATA ELEMENTS
- fixed length control field: 251114|| aca||aabn | a|a d
040 ## - CATALOGING SOURCE
- Original cataloging agency: OSt
- Transcribing agency: OSt
150 ## - HEADING--TOPICAL TERM
- Topical term or geographic name entry element: Cuentos colombianos
- Chronological subdivision: Siglo XXI
- Form subdivision: Crónicas y reportajes periodísticos
670 ## - SOURCE DATA FOUND
- Source citation: Work cat.: (OSt)60005: Zapata Flórez, Dayana 1990- aut 1269, Senderos a Roma :